[Event "New York op"]
[Site "New York"]
[Date "1993.??.??"]
[Round "7"]
[White "Berube, Richard"]
[Black "Gonzalez Garcia, Jose"]
[Result "0-1"]
[WhiteElo "2295"]
[BlackElo "2330"]

1.d4 Nf6 2.Nf3 g6 3.c4 Bg7 4.Nc3 O-O 5.e4 d6 6.Be2 e5 7.O-O Nc6 8.d5 Ne7
9.b4 a5 10.Ba3 axb4 11.Bxb4 b6 12.Nd2 c5 13.dxc6 Nxc6 14.a3 Bb7 15.Nd5 Nxb4
16.axb4 Rxa1 17.Qxa1 Bh6 18.Nxf6+ Qxf6 19.Qb2 Bxd2 20.Qxd2 Bxe4 21.Qe3 d5
22.f3 Bf5 23.cxd5 Qd6 24.b5 Rc8 25.Rd1 Rc2 26.Bf1 Bd7 27.Re1 f6 28.Ra1 Rc5
29.Rc1 Rxc1 30.Qxc1 Kg7 31.Qc4 Kf8 32.Kf2 Ke7 33.Ke3 g5 34.Bd3 f5 35.g3 h5
36.Kd2 g4 37.f4 h4 38.Ke3 e4 39.Be2 Qa3+ 40.Kf2 e3+ 41.Kg1 Qa1+ 42.Bf1 Qb2
43.d6+ Kxd6 44.Bd3 Qf2+ 45.Kh1 Qf3+ 46.Kg1 Qf2+ 47.Kh1 Qe1+ 48.Bf1 Be6 49.Qc6+ Ke7
50.Qc7+ Kf8 51.Qd8+ Kf7 52.Qd3 Ke8 53.Qe2 Bd5+ 54.Kg1 Qxe2 55.Bxe2 hxg3 56.hxg3 Be4
57.Kf1 Ke7 58.Bc4 Kd6 59.Ke2 Kc5 60.Bf7 Kxb5 61.Kxe3 Kc5 62.Be6 b5 63.Bd7 Kc4
64.Kd2 b4 65.Be6+ Kd4 66.Bb3 Bb1 67.Ba4 Ba2 68.Bd7 Ke4 69.Ke2 Bc4+ 70.Kd2 Kf3
71.Bxf5 Kxg3 72.Ke3 b3 73.Be4 Kh2 74.Kd4 Bf7 75.f5 g3 76.f6 g2  0-1

[Event "New York op"]
[Site "New York"]
[Date "1993.??.??"]
[Round "8"]
[White "Hulse, Brian"]
[Black "Morgan, Matthew"]
[Result "1/2-1/2"]
[WhiteElo "2355"]
[BlackElo "2245"]

1.d4 Nf6 2.c4 g6 3.Nc3 Bg7 4.e4 d6 5.Be2 O-O 6.Nf3 e5 7.O-O Nc6 8.d5 Ne7
9.Ne1 Nd7 10.Be3 f5 11.f3 f4 12.Bf2 g5 13.g4 h5 14.h3 Kf7 15.Kg2 Rh8 16.Nd3 Ng6
17.Rh1 Bf8 18.b4 a5 19.a3 b6 20.c5 bxc5 21.bxc5 Nxc5 22.Nxc5 dxc5 23.Na4 Bd6
24.Qc2 Nh4+ 25.Bxh4 gxh4 26.Nxc5 Qe7 27.Nd3 Ba6 28.a4 Bxd3 29.Bxd3 hxg4 30.fxg4 Rab8
31.Bb5 Kg7 32.Kf3 Bc5 33.Rac1 Bb6 34.Qb3 Rh6 35.Rc4 Rd8 36.Rhc1 Rhd6 37.Bc6 Kf6
38.Qc3 Kg5 39.Rb1 Rg6 40.Rb5 Qd6 41.Bb7 Kh6 42.Rc6 Qe7 43.d6 Rdxd6 44.Rxe5 Rd3+
45.Qxd3 Qxe5 46.Rxg6+  1/2-1/2

[Event "Nikolaev zt"]
[Site "Nikolaev"]
[Date "1993.??.??"]
[Round "?"]
[White "Savchenko, Stanislav"]
[Black "Fedorov, Alexei"]
[Result "1-0"]
[WhiteElo "2535"]
[BlackElo "2490"]

1.d4 Nf6 2.c4 g6 3.Nc3 Bg7 4.e4 O-O 5.Nf3 d6 6.Be2 e5 7.O-O Nc6 8.d5 Ne7
9.Ne1 Nd7 10.Be3 f5 11.f3 f4 12.Bf2 g5 13.g4 fxg3 14.hxg3 Ng6 15.Qd2 h5 16.Ng2 a5
17.Na4 b6 18.a3 h4 19.g4 Nf4 20.Kh2 Nf6 21.Ne3 Bd7 22.Nc3 a4 23.Rfb1 Ra5
24.b4 axb3 25.Rxb3 Qe7 26.Nb5 Ne8 27.Bd1 Qf7 28.Ra2 Bf6 29.a4 Bd8 30.Be1 Nf6
31.Qc2 Ra8 32.Rba3 Ng6 33.Kh1 Kh8 34.a5 Bxb5 35.cxb5 bxa5 36.Bxa5 Rb8 37.Qc4 Nd7
38.Bd2 Nc5 39.Ra7 Bf6 40.Nf5 Qd7 41.Be2 Rfc8 42.Be3 Be7 43.Bxc5 dxc5 44.R2a6  1-0

[Event "Nikolaev zt"]
[Site "Nikolaev"]
[Date "1993.??.??"]
[Round "?"]
[White "Maksimenko, Andrei"]
[Black "Frolov, Artur"]
[Result "1-0"]
[WhiteElo "2435"]
[BlackElo "2530"]

1.d4 Nf6 2.c4 g6 3.Nc3 Bg7 4.e4 d6 5.Nf3 O-O 6.Be2 e5 7.O-O Nc6 8.d5 Ne7
9.Ne1 Nd7 10.Be3 f5 11.f3 f4 12.Bf2 g5 13.a4 h5 14.a5 a6 15.Nd3 Nf6 16.c5 g4
17.cxd6 cxd6 18.Na4 Ng6 19.Nb6 Rb8 20.Nxc8 Rxc8 21.fxg4 Nxe4 22.gxh5 Nh4
23.Bg4 Rc4 24.Be6+ Kh8 25.h6 Bf6 26.Qg4 Nxf2 27.Nxf2 e4 28.Nh3 f3 29.gxf3 Rc2
30.Qxe4 Rg8+ 31.Bg4 Qc7 32.Kh1 Be5 33.Rf2 Rc4 34.Qe2 Qc5 35.Rd1 Bd4 36.h7 Rf8
37.Qe7 Ng6 38.Qg5 Ne5 39.Be6  1-0

[Event "Nikolaev zt"]
[Site "Nikolaev"]
[Date "1993.??.??"]
[Round "?"]
[White "Maksimenko, Andrei"]
[Black "Neverov, Valeriy"]
[Result "0-1"]
[WhiteElo "2435"]
[BlackElo "2550"]

1.d4 Nf6 2.c4 g6 3.Nc3 Bg7 4.e4 d6 5.Nf3 O-O 6.Be2 e5 7.O-O Nc6 8.d5 Ne7
9.Ne1 Nd7 10.Be3 f5 11.f3 h5 12.a4 Nf6 13.a5 f4 14.Bf2 g5 15.c5 a6 16.cxd6 cxd6
17.Na4 g4 18.Nb6 Rb8 19.Nxc8 Rxc8 20.Nd3 g3 21.hxg3 fxg3 22.Bxg3 Ng6 23.f4 Nxe4
24.Bh2 exf4 25.Ra4 Ng3 26.Bxg3 fxg3 27.Rxf8+ Qxf8 28.Bxh5 Ne5 29.Nxe5 Bxe5
30.Bg4 Qf2+ 31.Kh1 Rc2 32.Bh3 Re2 33.Ra1 Bxb2 34.Rb1 Bc3 35.Qg1 Bxa5 36.Bg4 Re1
37.Rxe1 Bxe1 38.Bc8 a5 39.Bxb7 a4 40.Ba6 a3 41.Bb5 Kg7  0-1

[Event "Nikolaev zt"]
[Site "Nikolaev"]
[Date "1993.??.??"]
[Round "?"]
[White "Neverov, Valeriy"]
[Black "Nevednichy, Vladislav"]
[Result "0-1"]
[WhiteElo "2550"]
[BlackElo "2495"]

1.d4 g6 2.c4 Bg7 3.Nc3 d6 4.e4 Nf6 5.Nf3 O-O 6.Be2 e5 7.O-O Nc6 8.d5 Ne7
9.Ne1 Nd7 10.Nd3 f5 11.Bd2 fxe4 12.Nxe4 Nf5 13.Bc3 a5 14.g4 Qh4 15.Ne1 Nd4
16.Ng2 Qe7 17.f3 b5 18.cxb5 Nb6 19.a4 Bb7 20.Ne3 Kh8 21.Rc1 Bxd5 22.Nxd5 Nxd5
23.Bd2 Nf4 24.Bxf4 Rxf4 25.Bc4 Raf8 26.Rc3 d5 27.Bxd5 Rd8 28.Bc4 Nxf3+ 29.Qxf3 Rxf3
30.Rcxf3 Rd4 31.Bd3 Qd8 32.Nf2 Bh6 33.b3 Bf4 34.Bc4 Qd6 35.Re1 Kg7 36.Re2 Qd8
37.Kg2 Qg5 38.h3 h5 39.Ne4 Rxe4 40.Rxe4 hxg4  0-1

[Event "Nikolaev zt"]
[Site "Nikolaev"]
[Date "1993.??.??"]
[Round "?"]
[White "Savchenko, Stanislav"]
[Black "Frolov, Artur"]
[Result "0-1"]
[WhiteElo "2535"]
[BlackElo "2530"]

1.d4 Nf6 2.c4 g6 3.Nc3 Bg7 4.e4 d6 5.Nf3 O-O 6.Be2 e5 7.O-O Nc6 8.d5 Ne7
9.Ne1 Nd7 10.Be3 f5 11.f3 f4 12.Bf2 g5 13.a4 h5 14.Nb5 a5 15.Nd3 b6 16.b4 axb4
17.Be1 Nf6 18.Bxb4 g4 19.a5 bxa5 20.Rxa5 Rb8 21.Ra7 g3 22.Nxc7 Nxe4 23.fxe4 Nc6
24.dxc6 Qh4 25.hxg3 fxg3 26.Rxf8+ Bxf8 27.Bf3 Bg4 28.Nf4 Qh2+ 29.Kf1 Rxb4
30.Qd5+ Kh8 31.Ng6+ Kg7 32.Ne8+ Kh6 33.Qd2+ Kxg6 34.Qxb4 Qh1+ 35.Ke2 Qxg2+
36.Kd3 Qxf3+ 37.Kc2 Qxe4+ 38.Kb2 Qd4+ 39.Qc3 Qxa7 40.Qd3+ Kg5  0-1

[Event "Nis op"]
[Site "Nis"]
[Date "1993.??.??"]
[Round "?"]
[White "Jovicevic, Bozidar"]
[Black "Brenjo, Slavisa"]
[Result "1/2-1/2"]
[WhiteElo "2280"]
[BlackElo "2425"]

1.Nf3 Nf6 2.c4 g6 3.Nc3 Bg7 4.e4 d6 5.d4 O-O 6.Be2 e5 7.O-O Nc6 8.d5 Ne7
9.Ne1 Ne8 10.Be3 f5 11.f3 f4 12.Bf2 h5 13.c5 g5 14.a4 Ng6 15.a5 dxc5 16.Bxc5 Nd6
17.Rc1 Bd7 18.b4 Bh6 19.Rc2 Rf7 20.Bxd6 cxd6 21.Nb5 Be8 22.Qc1 Bxb5 23.Bxb5 g4
24.Be2 Kh7 25.Qd1 g3 26.h3 Rc8 27.Nd3 Rfc7 28.Rxc7+ Qxc7 29.Qc1 Qc2 30.Qxc2 Rxc2
31.Re1 Bg5  1/2-1/2

[Event "NLD-chT"]
[Site "?"]
[Date "1993.??.??"]
[Round "3"]
[White "Ligterink, Gert"]
[Black "Van de Mortel, Jan"]
[Result "1-0"]
[WhiteElo "2435"]
[BlackElo "2295"]

1.d4 Nf6 2.c4 g6 3.Nc3 Bg7 4.e4 d6 5.Nf3 O-O 6.Be2 e5 7.O-O Nc6 8.d5 Ne7
9.Bd2 Nh5 10.g3 f5 11.exf5 gxf5 12.Nxe5 Nxg3 13.hxg3 Bxe5 14.f4 Bd4+ 15.Kg2 c5
16.Bd3 Rf7 17.Qh5 Bd7 18.Rae1 Qf8 19.b3 a6 20.Ne2 Bg7 21.Rh1 h6 22.Ng1 Rf6
23.Bc3 b5 24.Bxf6 Qxf6 25.Qh4 Kf7 26.Qxf6+ Kxf6 27.Nf3 a5 28.Re2 a4 29.Rhe1 Bf8
30.Re3 axb3 31.axb3 Ra3 32.Bc2 Nc8 33.Re8 Be7 34.Rh8 Ra2 35.Re2 bxc4 36.bxc4 Kg7
37.Rxc8 Rxc2 38.Rxc2 Bxc8 39.Ra2 Kf6 40.Ra7 Kf7 41.Nh4  1-0

[Event "NLD-chT"]
[Site "?"]
[Date "1993.??.??"]
[Round "3"]
[White "Krudde, Fitzgerald"]
[Black "Nijboer, Friso"]
[Result "0-1"]
[WhiteElo "2235"]
[BlackElo "2505"]

1.d4 Nf6 2.c4 g6 3.Nc3 Bg7 4.e4 d6 5.Nf3 O-O 6.Be2 e5 7.O-O Nc6 8.d5 Ne7
9.b4 Nh5 10.g3 f5 11.Ng5 Nf6 12.f3 c6 13.Be3 h6 14.Ne6 Bxe6 15.dxe6 Kh7 16.Rc1 Ne8
17.b5 Nc7 18.bxc6 bxc6 19.c5 d5 20.exd5 cxd5 21.Nb5 Nxe6 22.c6 a6 23.c7 Qd7
24.Na3 d4 25.Bd2 Nxc7 26.Bd3 Ned5 27.Rc5 Qe7 28.Ra5 e4 29.Re1 Ne3 30.Bxe3 dxe3
31.fxe4 Bc3  0-1

[Event "NLD-chT"]
[Site "?"]
[Date "1993.??.??"]
[Round "5"]
[White "Boersma, Paulus A"]
[Black "Van der Vorm, Teun"]
[Result "1-0"]
[WhiteElo "2365"]
[BlackElo "2370"]

1.Nf3 Nf6 2.c4 g6 3.Nc3 Bg7 4.e4 d6 5.d4 O-O 6.Be2 e5 7.O-O Nc6 8.d5 Ne7
9.Ne1 Nd7 10.Be3 f5 11.f3 f4 12.Bf2 g5 13.g4 fxg3 14.hxg3 Ng6 15.Ng2 h5 16.Ne3 h4
17.gxh4 Nf4 18.Kh2 Nf6 19.Rc1 c5 20.dxc6 bxc6 21.Rc2 Qe7 22.Rd2 Rd8 23.c5 Nxe2
24.cxd6 Qe6 25.Qxe2 Rxd6 26.Nf5 Rxd2 27.Qxd2 Nh7 28.Qd8+ Bf8 29.Rd1 Qf6 30.Be3 Qxd8
31.Rxd8 Kf7 32.Na4 Ke6 33.Nc5+ Kf7 34.Nd7  1-0

[Event "NOR-chT qual"]
[Site "NOR"]
[Date "1993.??.??"]
[Round "?"]
[White "Fyllingen, Roy Harald"]
[Black "Agdestein, Simen"]
[Result "0-1"]
[WhiteElo "2295"]
[BlackElo "2630"]

1.d4 Nf6 2.c4 g6 3.Nc3 Bg7 4.e4 d6 5.Be2 O-O 6.Nf3 e5 7.O-O Nc6 8.d5 Ne7
9.Nd2 a5 10.Rb1 Bd7 11.b3 c6 12.Ba3 c5 13.Bb2 Bh6 14.a3 Ne8 15.b4 axb4 16.axb4 cxb4
17.Nb5 f5 18.f3 Nf6 19.Kh1 Bxb5 20.cxb5 Rc8 21.Bd3 Be3 22.Qe2 f4 23.Nc4 Bc5
24.g3 g5 25.Qg2 Ng6 26.Qh3 Kg7 27.Rbc1 Rc7 28.Rc2 h5 29.Qg2 Kh7 30.Qh3 Kg7
31.Qg2 g4 32.fxg4 Nxg4 33.h3 b3 34.Rd2 Qg5 35.gxf4 Nxf4 36.Rxf4 Rxf4 37.hxg4 Rxg4
38.Qxg4 hxg4 39.Rd1 Qh4+  0-1

[Event "NOR-chT east"]
[Site "NOR"]
[Date "1993.??.??"]
[Round "4"]
[White "Henriksen, Geir"]
[Black "Dannevig, Oystein"]
[Result "1-0"]
[WhiteElo "2250"]
[BlackElo "2315"]

1.d4 Nf6 2.c4 g6 3.Nc3 Bg7 4.e4 d6 5.Nf3 O-O 6.Be2 e5 7.O-O Nc6 8.d5 Ne7
9.Ne1 Nd7 10.Nd3 f5 11.Bd2 Nf6 12.f3 f4 13.c5 g5 14.g4 h5 15.h3 c6 16.dxc6 Nxc6
17.cxd6 Qxd6 18.Nb5 Qe7 19.Bc3 a6 20.Na3 b5 21.Nc2 a5 22.b4 Rd8 23.Qe1 hxg4
24.hxg4 Bxg4 25.fxg4 Nxe4 26.Bf3 Rxd3 27.Bxe4 Rg3+ 28.Kh1 Qd6 29.Rf2 Rc8
30.Rh2 Nd4 31.Nxd4 exd4 32.Bd2 Re8 33.Rc1 Rxg4 34.Rc6 Qd7 35.Qb1 Rh4 36.Rxh4 gxh4
37.Bxf4 Kh8 38.Rg6 Qh3+ 39.Bh2 Qe3 40.Rg4 Bf6 41.Qf1 Bg5 42.Qf5  1-0

[Event "NOR-chT east"]
[Site "NOR"]
[Date "1993.??.??"]
[Round "7"]
[White "Hjelmaas, Lars"]
[Black "Elsness, Frode"]
[Result "0-1"]
[WhiteElo "2315"]
[BlackElo "2260"]

1.d4 g6 2.c4 Bg7 3.Nc3 Nf6 4.e4 d6 5.Be2 O-O 6.Nf3 e5 7.O-O Nc6 8.d5 Ne7
9.Ne1 Nd7 10.Be3 f5 11.f3 f4 12.Bf2 g5 13.a4 Ng6 14.a5 h5 15.Nb5 Nf6 16.Nxa7 g4
17.Nxc8 g3 18.hxg3 fxg3 19.Bxg3 Rxc8 20.Nd3 h4 21.Bf2 Nh5 22.Be3 Ngf4 23.Re1 h3
24.g4 h2+  0-1

[Event "NOR-chT east"]
[Site "NOR"]
[Date "1993.??.??"]
[Round "8"]
[White "Grotnes, Nils"]
[Black "Elsness, Frode"]
[Result "1-0"]
[WhiteElo "2310"]
[BlackElo "2260"]

1.d4 Nf6 2.c4 g6 3.Nc3 Bg7 4.e4 d6 5.Be2 O-O 6.Nf3 e5 7.O-O Nc6 8.d5 Ne7
9.Ne1 Nd7 10.Nd3 f5 11.Bd2 Nf6 12.f3 f4 13.c5 g5 14.Rc1 Ng6 15.cxd6 cxd6
16.Nb5 Rf7 17.Qc2 Ne8 18.a4 Bf8 19.Nf2 h5 20.Nxa7 Bd7 21.Nb5 Rg7 22.h3 Nh4
23.Be1 Nf6 24.Qc7 Qe7 25.Qxb7 Nxg2 26.Qxa8 g4 27.fxg4 hxg4 28.Kxg2 gxh3+
29.Kh1 Rg2 30.Rc8 Nh7 31.Bf3 Qg5 32.Rc3 Rg3 33.Ng4 Rxf3 34.Rfxf3 Bxg4 35.Rxh3 Qg6
36.Nxd6 Bxh3 37.Rxh3 Qxd6 38.Qc6 Qe7 39.Qg6+ Kh8 40.Bb4 Qc7  1-0

[Event "Novosibirsk"]
[Site "Novosibirsk"]
[Date "1993.??.??"]
[Round "1"]
[White "Ruban, Vadim"]
[Black "Dolmatov, Sergey"]
[Result "1-0"]
[WhiteElo "2595"]
[BlackElo "2615"]

1.d4 Nf6 2.c4 g6 3.Nc3 Bg7 4.e4 d6 5.Nf3 O-O 6.Be2 e5 7.O-O Nc6 8.d5 Ne7
9.Nd2 a5 10.a3 Nd7 11.Rb1 f5 12.b4 Kh8 13.Qc2 axb4 14.axb4 Nf6 15.f3 c6 16.Kh1 f4
17.dxc6 Nxc6 18.Nb5 Qe7 19.Rd1 Be6 20.Nb3 Rfd8 21.Qd2 Bf8 22.Na3 Rac8 23.Na5 Nb8
24.Qe1 b6 25.Nb3 g5 26.Qg1 Qb7 27.Bb2 Be7 28.Qf1 Rd7 29.Nb5 Nc6 30.Ba3 g4
31.Nc3 gxf3 32.gxf3 Ra8 33.Ra1 Nd8 34.Nd5 Nf7 35.Bb2 Rdd8 36.Qf2 Nxd5 37.cxd5 Bh3
38.Bf1 Bd7 39.Nd2 Rxa1 40.Rxa1 Re8 41.Nc4 Bd8 42.Ra3 Qb8 43.Qd2 Kg8 44.Ba1 b5
45.Na5 Qb6 46.Ra2 Bh4 47.Qd3 Kh8 48.Nc6 Rg8 49.Rg2 Ra8 50.Bb2 Bh3 51.Rd2 Bxf1
52.Qxf1 Qe3 53.Rd3 Qf2 54.Qxf2 Bxf2 55.Rd2 Be3 56.Rg2 Rg8 57.Rxg8+ Kxg8 58.Bc3 Kg7
59.Kg2 Kg6 60.Be1 Ng5 61.Ne7+ Kh5 62.Nf5 Nf7 63.Nxe3 fxe3 64.Kf1 Nh8 65.Ke2 Ng6
66.Kxe3 Nf8 67.Bf2 Nd7 68.Ke2 Kg5 69.Ba7 Kg6 70.Kf2 Kg5 71.Kg3 Kg6 72.Kh4 Kh6
73.Bf2 Kg6 74.Be3 h6 75.Bf2 Kg7 76.Kg4 Kg6 77.Ba7 Nf6+ 78.Kg3 Nd7 79.Kh4 Kg7
80.Kh3 Kg6 81.Kg2 Kg5 82.Kg1 Kf4 83.Kf2 Kg5 84.Kg2 Kf4 85.Kf2 Kg5 86.Be3+ Kg6
87.Kf1 Kg7 88.Kg1 Kg6 89.Kh1 Kg7 90.Bg1 Kg6 91.Kg2 Kg5 92.Kg3 Kg6 93.Kh4 Kg7
94.Kh3 Kg6 95.Kg4 Nf6+ 96.Kh4 Nd7 97.Kg3 Kg5 98.Bf2 Kh5 99.Be3  1-0

[Event "Novosibirsk"]
[Site "Novosibirsk"]
[Date "1993.??.??"]
[Round "3"]
[White "Ruban, Vadim"]
[Black "Akopian, Vladimir"]
[Result "1/2-1/2"]
[WhiteElo "2595"]
[BlackElo "2615"]

1.d4 Nf6 2.c4 g6 3.Nc3 Bg7 4.e4 d6 5.Nf3 O-O 6.Be2 e5 7.O-O Nc6 8.d5 Ne7
9.Nd2 a5 10.a3 Bd7 11.b3 Ne8 12.Rb1 f5 13.b4 axb4 14.axb4 Nf6 15.c5 fxe4
16.Ndxe4 Nf5 17.Bg5 h6 18.Bxf6 Bxf6 19.Bb5 Bc8 20.Ra1 Rxa1 21.Qxa1 Bg5 22.Bc4 Bf4
23.Bd3 Qh4 24.Ng3 Bxg3 25.hxg3 Qd4 26.Bxf5 Bxf5 27.cxd6 cxd6 28.Rd1 Qxb4
29.Rc1 Bd3 30.Nd1 h5 31.Rc3 Qd4 32.Ne3 b5 33.Qc1 e4 34.Rc7 Qf6 35.Qd2 Rf7
36.Rxf7 Qa1+ 37.Kh2 Kxf7 38.Qb4 Ke7 39.g4 Qe5+ 40.Kg1 Qa1+ 41.Kh2 Kd7 42.gxh5 gxh5
43.Kh3 Kc7 44.Kh4 Qf6+ 45.Kxh5 Qf7+ 46.Kg5 Qxf2 47.Qc3+ Kb6 48.Qd4+ Ka6 49.Qa1+ Kb6
50.Qd4+ Ka6  1/2-1/2

[Event "Novosibirsk"]
[Site "Novosibirsk"]
[Date "1993.??.??"]
[Round "10"]
[White "Epishin, Vladimir"]
[Black "Dolmatov, Sergey"]
[Result "1/2-1/2"]
[WhiteElo "2620"]
[BlackElo "2615"]

1.d4 Nf6 2.c4 g6 3.Nc3 Bg7 4.e4 d6 5.Nf3 O-O 6.Be2 e5 7.O-O Nc6 8.d5 Ne7
9.Nd2 a5 10.Rb1 Nd7 11.a3 f5 12.b4 Kh8 13.f3 Ng8 14.Qc2 Ngf6 15.Nb5 axb4
16.axb4 Nh5 17.c5 Nf4 18.Nc4 dxc5 19.Bxf4 exf4 20.d6 cxd6 21.Ncxd6 fxe4 22.Qxe4 cxb4  1/2-1/2

[Event "Oberwart op"]
[Site "Oberwart"]
[Date "1993.??.??"]
[Round "4"]
[White "Berebora, Ferenc"]
[Black "Gallagher, Joseph G"]
[Result "1/2-1/2"]
[WhiteElo "2425"]
[BlackElo "2515"]

1.d4 Nf6 2.c4 g6 3.Nc3 Bg7 4.e4 d6 5.Nf3 O-O 6.Be2 e5 7.O-O Nc6 8.d5 Ne7
9.Bg5 h6 10.Bxf6 Bxf6 11.b4 Kg7 12.c5 Ng8 13.a4 Be7 14.c6 bxc6 15.dxc6 f5
16.Nd2 Nf6 17.Bc4 fxe4 18.Ndxe4 Nxe4  1/2-1/2

[Event "Oberwart op"]
[Site "Oberwart"]
[Date "1993.??.??"]
[Round "8"]
[White "Groszpeter, Attila"]
[Black "Neumeier, Klaus"]
[Result "1/2-1/2"]
[WhiteElo "2515"]
[BlackElo "2330"]

1.d4 Nf6 2.c4 g6 3.Nc3 Bg7 4.e4 d6 5.Nf3 O-O 6.Be2 e5 7.O-O Nc6 8.Be3 Re8
9.dxe5 dxe5 10.h3 Qe7 11.Nd5 Nxd5 12.cxd5 Nd4 13.Nxd4 exd4 14.Bxd4 Bxd4 15.Qxd4 Qxe4
16.Qxe4 Rxe4 17.Bf3 Re7 18.Rac1 Bf5 19.Rc3 Rd8 20.Rfc1 Rdd7 21.Ra3 a6 22.Rc4 Rd6
23.Rac3 Rdd7 24.a4 a5 25.b4 axb4 26.Rxb4 b6 27.g4 Re1+ 28.Kg2 Bb1 29.Rbc4 Ree7
30.Rb4 Re1 31.d6 Rxd6 32.Rxc7 Ba2 33.Rb7 Ree6 34.g5 h6 35.gxh6 Rf6 36.Re7 Rd2
37.Kg3 Kh7 38.Re3 Kxh6 39.Ra3 Bd5 40.Bxd5 Rxd5 41.Rab3 Rg5+ 42.Rg4 Rxg4+
43.hxg4 g5 44.f3 Kg6 45.Kf2 Re6 46.Re3 Kf6 47.Rb3 Kg6 48.Rb4 f6 49.Rb3 Kf7
50.Re3 Ke7 51.Rd3 Re5 52.Rb3 Re6 53.Rb4 Kf7 54.f4 gxf4 55.Kf3 Kg7 56.Kxf4 Kg6
57.Rd4 Re1 58.Rb4 Re6  1/2-1/2

[Event "Odense"]
[Site "Odense"]
[Date "1993.??.??"]
[Round "7"]
[White "Kjeldsen, Jens"]
[Black "Meyer, Lars A"]
[Result "1/2-1/2"]
[WhiteElo "2375"]
[BlackElo "2345"]

1.d4 Nf6 2.c4 g6 3.Nc3 Bg7 4.e4 d6 5.Be2 O-O 6.Nf3 e5 7.O-O Nc6 8.d5 Ne7
9.b4 Nd7 10.Nd2 f5 11.f3  1/2-1/2

[Event "Odorheiu Secuiesc"]
[Site "Odorheiu Secuiesc"]
[Date "1993.??.??"]
[Round "1"]
[White "Chernin, Alexander"]
[Black "Istratescu, Andrei"]
[Result "1-0"]
[WhiteElo "2600"]
[BlackElo "2470"]

1.d4 Nf6 2.c4 g6 3.Nc3 Bg7 4.e4 d6 5.Nf3 O-O 6.Be2 e5 7.O-O Nc6 8.d5 Ne7
9.Nd2 a5 10.a3 Nd7 11.Rb1 f5 12.b4 Kh8 13.f3 Ng8 14.Qc2 Ngf6 15.Bd3 f4 16.Be2 g5
17.Nb5 b6 18.Bb2 Ne8 19.g4 h5 20.h3 Rf6 21.Nb3 a4 22.Nc1 Rh6 23.Nd3 hxg4
24.hxg4 Nf8 25.Kg2 Ng6 26.Rh1 Nh4+ 27.Kf2 Bd7 28.Nc3 Nf6 29.Rbg1 Qg8 30.Kf1 Qh7
31.Nf2 Bf8 32.Qd1 Kg7 33.Nb5 Ne8 34.Bd3 Be7 35.Ke2 Rc8 36.Na7 Ra8 37.Nb5 Rc8
38.Qxa4 Nf6 39.Qd1 Rh8 40.Kd2 Bd8 41.Kc1 Kf8 42.Be2 Ng6 43.a4 Qe7 44.Ba3 Rh2
45.Qe1 c6 46.dxc6 Bxc6 47.Nc3 b5 48.cxb5 Bb6 49.Rxh2 Rxh2 50.Nfd1 Ba8 51.Rh1 Rxh1
52.Qxh1 Nh4 53.a5 Bd4 54.Bc4 Qc7 55.Qf1 d5 56.exd5 Nxd5 57.b6 Qc8 58.Ba6 Qd7
59.Qb5 Bc6 60.Qxc6  1-0

[Event "Odorheiu Secuiesc"]
[Site "Odorheiu Secuiesc"]
[Date "1993.??.??"]
[Round "6"]
[White "Chernin, Alexander"]
[Black "Marin, Mihail"]
[Result "1-0"]
[WhiteElo "2600"]
[BlackElo "2515"]

1.d4 Nf6 2.Nf3 g6 3.c4 Bg7 4.Nc3 O-O 5.e4 d6 6.Be2 e5 7.O-O Nc6 8.d5 Ne7
9.Nd2 a5 10.a3 Nd7 11.Rb1 f5 12.b4 Kh8 13.f3 Ng8 14.Qc2 Ngf6 15.Bd3 f4 16.Be2 h5
17.c5 dxc5 18.bxc5 Nxc5 19.Nb5 b6 20.a4 g5 21.Ba3 g4 22.Bxc5 bxc5 23.Qxc5 Nh7
24.Nxc7 g3 25.Rfc1 Qh4 26.Nf1 Ng5 27.Nxa8 Bh3 28.Rb7 Rg8 29.hxg3 fxg3 30.Rxg7 Rxg7
31.Qf8+ Kh7 32.Rc7 Rxc7 33.Nxc7 Bxg2 34.Qf5+ Kh6 35.Kxg2  1-0

[Event "Odorheiu Secuiesc"]
[Site "Odorheiu Secuiesc"]
[Date "1993.??.??"]
[Round "7"]
[White "Neverov, Valeriy"]
[Black "Istratescu, Andrei"]
[Result "1-0"]
[WhiteElo "2550"]
[BlackElo "2470"]

1.d4 Nf6 2.c4 g6 3.Nc3 Bg7 4.e4 d6 5.Nf3 O-O 6.Be2 e5 7.O-O Nc6 8.d5 Ne7
9.Ne1 Nd7 10.Nd3 f5 11.Bd2 Nf6 12.f3 f4 13.c5 g5 14.cxd6 cxd6 15.Nf2 Ng6
16.Qc2 h5 17.Nb5 Rf7 18.Rfc1 Ne8 19.a4 Bf8 20.Qd1 Rg7 21.Rc3 a6 22.Na3 Nf6
23.h3 Nh4 24.Be1 Bd7 25.Nc4 Rc8 26.a5 g4 27.fxg4 hxg4 28.hxg4 Nh5 29.Rac1 Ng3
30.Nb6 Rxc3 31.Rxc3 Nxg2 32.Kxg2 Qh4 33.Nxd7 Rxd7 34.g5 Rh7 35.Bg4 Nxe4 36.Rh3 Nxf2
37.Bxf2 Qxg5 38.Rxh7 Kxh7 39.Qd3+  1-0

[Event "Odorheiu Secuiesc op"]
[Site "Odorheiu Secuiesc"]
[Date "1993.??.??"]
[Round "8"]
[White "Serban Mitaru, Dan"]
[Black "Dinescu, Adrian"]
[Result "1-0"]
[WhiteElo "2330"]
[BlackElo "2225"]

1.d4 Nf6 2.c4 g6 3.Nc3 Bg7 4.e4 d6 5.Nf3 O-O 6.Be2 e5 7.O-O Nc6 8.d5 Ne7
9.Nd2 Ne8 10.a3 f5 11.b4 a5 12.Rb1 Kh8 13.Qc2 Ng8 14.c5 Ngf6 15.f3 Bh6 16.Nc4 Bxc1
17.Rbxc1 axb4 18.axb4 f4 19.Ra1 Rb8 20.cxd6 cxd6 21.Rfc1 g5 22.Qa4 g4 23.Qa7 Bd7
24.Qb6 Qe7 25.Nb5 Bxb5 26.Qxb5 Rg8 27.Nd2 h5 28.Rc3 Nc7 29.Qd3 Kg7 30.Rac1 Nfe8
31.fxg4 hxg4 32.Bxg4 Na6 33.Be6 Rh8 34.b5 Nc5 35.Rxc5 dxc5 36.Qc3 Kf6 37.Nc4 Rh5
38.Rf1 Kg7 39.Rxf4 Nf6 40.Nxe5 Qc7 41.Qg3+ Kh8 42.Rxf6 Qxe5 43.Rh6+  1-0

[Event "Odorheiu Secuiesc"]
[Site "Odorheiu Secuiesc"]
[Date "1993.??.??"]
[Round "8"]
[White "Rogozenko, Dorin"]
[Black "Nevednichy, Vladislav"]
[Result "1-0"]
[WhiteElo "2480"]
[BlackElo "2495"]

1.d4 d6 2.c4 g6 3.Nc3 Bg7 4.Nf3 Nf6 5.e4 O-O 6.Be2 e5 7.O-O Nc6 8.d5 Ne7
9.Ne1 Nd7 10.Be3 f5 11.f3 Rf7 12.a4 a5 13.Nd3 b6 14.b4 f4 15.Bf2 axb4 16.Nxb4 g5
17.g4 fxg3 18.hxg3 Ng6 19.Be3 Nf4 20.Bd3 Nh3+ 21.Kg2 Nf6 22.Nc6 Qf8 23.Be2 h5
24.Qd2 h4 25.Rh1 Nh5 26.Rxh3 Bxh3+ 27.Kxh3 Rxf3 28.Ne7+ Kh7 29.Nf5 Rxf5 30.exf5 Qxf5+
31.Bg4 Qg6 32.Bxh5 Qxh5 33.g4 Qg6 34.Rf1 e4 35.Rf5 Rf8 36.Rxf8 Bxf8 37.Bxg5 Bg7
38.Bxh4 Qe8 39.Qe3 Bxc3 40.Qxc3 Qxa4 41.g5 Qd1 42.g6+ Kg8 43.Qf6 Qh1+ 44.Kg4 Qg2+
45.Kh5  1-0

[Event "Odorheiu Secuiesc"]
[Site "Odorheiu Secuiesc"]
[Date "1993.??.??"]
[Round "10"]
[White "Rogozenko, Dorin"]
[Black "Istratescu, Andrei"]
[Result "0-1"]
[WhiteElo "2480"]
[BlackElo "2470"]

1.d4 Nf6 2.c4 g6 3.Nc3 Bg7 4.e4 d6 5.Be2 O-O 6.Nf3 e5 7.O-O Nc6 8.d5 Ne7
9.Ne1 Nd7 10.Be3 f5 11.f3 f4 12.Bf2 g5 13.a4 h5 14.a5 Nf6 15.c5 g4 16.cxd6 cxd6
17.Nb5 g3 18.Bxa7 Ng6 19.Bb6 Qe7 20.Kh1 Ne8 21.Rc1 Qh4 22.Bg1 Rf7 23.Na3 Bf6
24.Nc4 Bd8 25.Qb3 gxh2 26.Bf2 Qg5 27.Nb6 Bxb6 28.Qxb6 h4 29.Bb5 Nf6 30.Rc7 Rxc7
31.Qxc7 h3 32.Qd8+ Nf8 33.Qxd6 hxg2+ 34.Nxg2 Bh3 35.Ne1 Rc8 36.Kxh2 Rc2 37.Kh1 Bxf1
38.Bxf1 Rxf2 39.Bg2 Re2  0-1

[Event "Orange op"]
[Site "Orange"]
[Date "1993.??.??"]
[Round "?"]
[White "Littke, Adam"]
[Black "Olivier, Jean Christophe"]
[Result "1/2-1/2"]
[WhiteElo "2255"]
[BlackElo "2225"]

1.d4 Nf6 2.c4 g6 3.Nc3 Bg7 4.e4 d6 5.Nf3 O-O 6.Be2 e5 7.O-O Nc6 8.d5 Ne7
9.Nd2 c5 10.Rb1 Ne8 11.b4 b6 12.bxc5 bxc5 13.Nb3 f5 14.Bd2 Nf6 15.f3 Bd7
16.Qc2 a6 17.Nc1 Qc7 18.Nd3 Rfb8 19.Nf2 f4 20.Rxb8+ Rxb8 21.Rb1 g5 22.Rb3 h5
23.h3 Kf7 24.Rxb8 Qxb8 25.Qb3 Qc7 26.Na4 Nc8 27.Bc3 Bf8 28.Kf1 Be7 29.Ke1 Bd8
30.Nd3 Ne7 31.Naxc5 dxc5 32.Bxe5 Qa5+ 33.Bc3 Qb6 34.Bxf6 Qxf6 35.e5 Qb6 36.e6+ Bxe6
37.dxe6+ Kxe6 38.Qxb6+ Bxb6 39.h4 Kf6 40.hxg5+ Kxg5 41.Nf2 Kf6 42.Nd3 Kg5
43.Nf2 Kf6  1/2-1/2

[Event "Ostend op"]
[Site "Ostend"]
[Date "1993.??.??"]
[Round "7"]
[White "Roeder, Mathias"]
[Black "Wood, David A"]
[Result "0-1"]
[WhiteElo "2425"]
[BlackElo "2270"]

1.d4 Nf6 2.c4 g6 3.Nc3 Bg7 4.e4 d6 5.Be2 O-O 6.Nf3 e5 7.O-O Nc6 8.d5 Ne7
9.Ne1 Nd7 10.Nd3 f5 11.Bd2 Nf6 12.f3 f4 13.c5 g5 14.Rc1 Ng6 15.cxd6 cxd6
16.Nb5 Rf7 17.Qc2 Ne8 18.a4 Bd7 19.Nf2 h5 20.h3 Bf6 21.Qb3 Qb8 22.a5 Bd8
23.Na3 a6 24.Nc4 Bb5 25.Rc2 Qa7 26.Bb4 Rf6 27.Qa3 Bc7 28.Rfc1 Nh8 29.Kf1 Nf7
30.Be1 Rg6 31.Nd3 Qb8 32.Nb6 Bxb6 33.axb6 Qd8 34.Rc7 Nxc7 35.bxc7 Qd7 36.Qa5 g4
37.Nf2 Bxe2+ 38.Kxe2 gxf3+ 39.gxf3 Rc8 40.Qb6 Rg7 41.Qxb7 Nh8 42.Ba5 Rg2
43.Rc6 Nf7 44.Rxa6 Kh7 45.h4 Qa4 46.Rc6 Qd4 47.Be1 Qe3+ 48.Kd1 Rg1 49.Qb4 Qxf2
50.Qc3 Ra8  0-1

[Event "Ostend op"]
[Site "Ostend"]
[Date "1993.??.??"]
[Round "8"]
[White "Denayer, Eric"]
[Black "Robovic, Saudin"]
[Result "0-1"]
[WhiteElo "2240"]
[BlackElo "2360"]

1.d4 Nf6 2.c4 g6 3.Nc3 Bg7 4.e4 d6 5.Be2 O-O 6.Nf3 e5 7.O-O Nc6 8.d5 Ne7
9.Nd2 a5 10.a3 Nd7 11.Rb1 f5 12.b4 Kh8 13.f3 Ng8 14.Qc2 Ngf6 15.Nb5 Nh5 16.g3 axb4
17.axb4 Ndf6 18.c5 Nxg3 19.hxg3 Nh5 20.f4 Nxg3 21.Rf2 fxe4 22.Nf1 Nxe2+ 23.Qxe2 exf4
24.Rxf4 dxc5 25.bxc5 Qg5+ 26.Qg2 Qxd5 27.Qf2 Rxf4 28.Qxf4 Bh3 29.Bb2 Qxc5+
30.Kh2 Rf8 31.Qh6 Qf2+ 32.Kxh3 Rf3+ 33.Ng3  0-1